| Tag |
First Indicator |
Second Indicator |
Subfields |
| LEADER |
00000pam a2200000 a 4500 |
| 001 |
in00000550706 |
| 005 |
20151014051635.0 |
| 008 |
830712s1984 nyua b 00100 eng |
| 010 |
|
|
|a 83011832
|
| 020 |
|
|
|a 0804693307
|
| 035 |
|
|
|a (OCoLC)09762297
|
| 035 |
|
|
|9 ACJ5418AM
|
| 039 |
0 |
|
|a 2
|b 3
|c 3
|d 3
|e 3
|
| 040 |
|
|
|a DLC
|c DLC
|d TXA
|d UtOrBLW
|
| 049 |
|
|
|a TXAM
|c [A08264647]
|
| 050 |
0 |
0 |
|a H97
|b .S63 1984
|
| 082 |
0 |
|
|a 361.6/1
|2 19
|
| 245 |
0 |
0 |
|a Social science and public policy :
|b the roles of academic disciplines in policy analysis /
|c edited by George J. McCall and George H. Weber.
|
| 264 |
|
1 |
|a Port Washington, N.Y. :
|b Associated Faculty Press,
|c 1984.
|
| 300 |
|
|
|a ix, 240 pages :
|b illustrations ;
|c 24 cm.
|
| 336 |
|
|
|a text
|b txt
|2 rdacontent
|
| 337 |
|
|
|a unmediated
|b n
|2 rdamedia
|
| 338 |
|
|
|a volume
|b nc
|2 rdacarrier
|
| 490 |
1 |
|
|a A Policy Studies Organization series publication
|
| 504 |
|
|
|a Includes bibliographical references and index.
|
| 650 |
|
0 |
|a Policy sciences.
|
| 650 |
|
0 |
|a Social sciences.
|
| 700 |
1 |
|
|a McCall, George J.
|
| 700 |
1 |
|
|a Weber, George H.
|
| 830 |
|
0 |
|a Policy Studies Organization series (Unnumbered)
|
| 999 |
|
|
|a MARS
|
| 999 |
f |
f |
|s 0d00920c-b50c-3a3b-b021-850c61f57997
|i 23d8f559-3c28-3597-b10c-6f02647a6763
|t 0
|
| 952 |
f |
f |
|p ric
|a Texas A&M University
|b Rellis Campus
|c Joint Library Facility
|d Remote Storage
|t 0
|e H97 .S63 1984
|h Library of Congress classification
|i unmediated -- volume
|m A14808264647
|
| 998 |
f |
f |
|a H97 .S63 1984
|t 0
|l Remote Storage
|